000 01502cam a2200361 i 4500
001 28807
003 Mx-PuUPA
005 20260317125617.0
008 140415s2019 sp gr 000 0 spa d
017 _aM-6.376-2019
020 _a9788471337481
040 _cMx-PuUPA
_aMx-PuUPA
_bspa
_dMx-PuUPA
_erda
041 0 _aspa
245 0 0 _aMetodología de la investigación educativa /
_cRafael Bisquerra Alzina, coordinador, autor ; Inma Dorio Alcaraz, Jesús Gómez [ y otros ocho]
250 _a6a. edición
264 1 _aMadrid :
_bEditorial Arco/Libros-La Muralla,
_c2019
300 _a452 páginas :
_bdiagramas, tablas ;
_c22 cm
336 _2rdacontent
_atexto
_btxt
337 _2rdamedia
_asin medio
_bn
338 _2rdacarrier
_avolumen
_bnc
490 0 _aManuales de Metodología de la Investigación Educativa
650 7 _2armarc
_aEducación
_xInvestigaciones
650 7 _2armarc
_aEducación
_xInvestigación científica
_xMetodología
650 7 _2armarc
_aPedagogía
700 1 _aBisquerra Alzina, Rafael,
_ecoordinador,
_eautor
_97083
700 1 _aDorio Alcaraz, Inma,
_eautor
700 1 _aGómez, Jesús,
_eautor
942 _2ddc
_cLI
_h370.721
_iM58
999 _c28807
_d28807